|
|
|
|
| LEADER |
00000naa a2200000 ar4500 |
| 001 |
vtls009967850 |
| 003 |
SK-MaSNL |
| 005 |
20260309150443.0 |
| 008 |
091109c2006 xo mr|p|||||||000 b|slo |
| 015 |
|
|
|a SNBRA2009/11
|2 snkbucl
|
| 038 |
|
|
|a SNKBUCL
|
| 040 |
|
|
|a SNKBUCL
|b slo
|c SNKBUCL
|e AACR2
|
| 041 |
0 |
|
|a slo
|b eng
|
| 044 |
|
|
|a xo
|c SK
|
| 080 |
|
|
|a 378.4.096:338.48
|x (437.6)
|2 2001
|
| 080 |
|
|
|a 338.483:001.891
|2 2001
|
| 080 |
|
|
|a 91:338.48
|2 2001
|
| 080 |
|
|
|a 001.891
|2 2001
|
| 100 |
1 |
|
|a Baláž, Bartolomej,
|d 1954-
|4 aut
|9 11570
|
| 245 |
1 |
0 |
|a Vedeckovýskumná a pedagogická činnosť v cestovnom ruchu na Fakulte BERG Technickej univerzity v Košiciach a jej perspektívy
|c Bartolomej Baláž
|
| 246 |
3 |
1 |
|a Scientific and educational activities in tourism at the Faculty BERG, TU of Kosice (Slovakia) and its perspectives
|
| 546 |
|
|
|a Súbežný názov angl. ; res. angl.
|
| 610 |
2 |
7 |
|a Technická univerzita v Košiciach.
|b Fakulta baníctva, ekológie, riadenia a geotechnológií.
|b Ústav podnikania a cestovného ruchu.
|b Katedra geoturizmu
|2 snkbucl
|9 176280
|
| 650 |
0 |
7 |
|a cestovný ruch
|2 snkbucl
|9 999
|
| 650 |
0 |
7 |
|a geografia cestovného ruchu
|2 snkbucl
|9 67494
|
| 650 |
0 |
7 |
|a pedagogická činnosť
|2 snkbucl
|9 478345
|
| 650 |
0 |
7 |
|a vedeckovýskumná činnosť
|2 snkbucl
|9 70219
|
| 773 |
0 |
|
|t Acta oeconomica N° 19
|d Banská Bystrica : Univerzita Mateja Bela, Ekonomická fakulta, 2006
|g S. 30-32
|z 8080832110
|
| 852 |
|
|
|a SNK
|b KIS3GCP
|
| 958 |
|
|
|a SK
|
| 999 |
|
|
|c 3367513
|d 3369443
|